• 首页
  • 本馆介绍
  • 公告通知
  • 最新文献
  • 馆藏检索
  • 电子资源
  • 读者导购
  • 参考咨询
  • 我的图书馆
  • 登录
  • 详细信息显示
  • 放入我的书架
  • 预约/预借图书
  • 作者相关作品
  • 分类相关作品
  • 丛书相关作品
  • 出版社相关作品

书目信息

  • 表格格式
  • 工作单格式
  • 卡片格式
题名:
新型肥料及其应用技术
    
 
作者: 崔德杰 , 杜志勇 主编
分册:  
出版信息: 北京   化学工业出版社  2016.09
页数: 264页
开本: 24cm
丛书名:
单 册:
中图分类: S147.2
科图分类:
主题词: 施肥--shi fei--基本知识
电子资源:
ISBN: 978-7-122-27775-6
000 01164nam0 2200241 450
001 0106081922
005 20201106082048.0
010    @a978-7-122-27775-6@dCNY58.00
100    @a20181129e20192016em y0chiy50 ea
101 0  @achi
102    @aCN@b110000
105    @aa z 000yy
106    @ar
200 1  @a新型肥料及其应用技术@Axin xing fei liao ji qi ying yong ji shu@f崔德杰, 杜志勇主编
210    @a北京@c化学工业出版社@d2016.09@h2019.06
215    @a264页@c图@d24cm
330    @a本书详细介绍了缓/控释肥料、尿素改性类肥料、水溶性肥料、微生物肥料、功能性肥料和其他新型肥料的概念、特点、分类及科学的施用技术,使读者在了解基本知识的基础上能够学会运用科学原理指导新型肥料的应用,以增强新型肥料应用的科学性、实效性和安全性。同时,抓住新型肥料“新”的特点和与传统肥料相比的优势及其在应用过程中注意的问题这一难点来总结其应用技术,力争使读者能将相应技术学得会、用得上、推得好,终实现新型肥料应用技术领域的节本增效、高效环保、安全优质。
606 0  @a施肥@Ashi fei@x基本知识
690    @aS147.2@v5
701  0 @a崔德杰@Acui de jie@f(1963~)@4主编
701  0 @a杜志勇@Adu zhi yong@c(农学)@4主编
801  0 @aCN@bBJSZM@c20201106
905    @b1194760-3@dS147.2@e127@f4
    
    新型肥料及其应用技术/崔德杰, 杜志勇主编.-北京:化学工业出版社,2016.09(2019.06)
    264页:图;24cm
    
    
    ISBN 978-7-122-27775-6:CNY58.00
    本书详细介绍了缓/控释肥料、尿素改性类肥料、水溶性肥料、微生物肥料、功能性肥料和其他新型肥料的概念、特点、分类及科学的施用技术,使读者在了解基本知识的基础上能够学会运用科学原理指导新型肥料的应用,以增强新型肥料应用的科学性、实效性和安全性。同时,抓住新型肥料“新”的特点和与传统肥料相比的优势及其在应用过程中注意的问题这一难点来总结其应用技术,力争使读者能将相应技术学得会、用得上、推得好,终实现新型肥料应用技术领域的节本增效、高效环保、安全优质。
●
相关链接 在E读中查询图书 在五车中查询图书 在当当中查询图书 在豆瓣中查询图书


正题名:新型肥料及其应用技术     索取号:S147.2/127         预约/预借

序号 登录号 条形码 馆藏地/架位号 状态 备注
1 1194760   211947606   第二样本阅览室/ [索取号:S147.2/127] 在馆    
2 1194761   211947615   第三借阅区/ [索取号:S147.2/127] 在馆    
3 1194762   211947624   第三借阅区/ [索取号:S147.2/127] 在馆    
4 1194763   211947633   第三借阅区/ [索取号:S147.2/127] 在馆    
唐山师范学院图书馆 欢迎您!
大连网信软件有限公司© 版权所有